000 04148nam a2200421 a 4500
001 000001765
003 DO-SdBNP
005 20260321073637.0
007 ta
008 090626s2002 dr 000 0dspa d
020 _a9993486604
040 _aDO-SdBNP
_bspa
_cBNPHU
_erda
082 4 _aRD868.44
_bB742j
_222
245 0 0 _aJuan Bosch :
_baproximaciones a una vida ejemplar /
_ccompilación, Diómedes Núñez Polanco ; Josefina Pimentel, Gisela Vargas Ortega.
246 1 0 _aAproximaciones a una vida ejemplar
264 1 _aSanto Domingo :
_bFundación Juan Bosch,
_c2002.
300 _a337 páginas ;
_c23 cm.
336 _2rdacontent
_atexto
_btxt
337 _2rdamedia
_asin mediación
_bn
338 _2rdacarrier
_avolumen
_bnc
500 _aIncluye índice.
500 _a"Ciclo de conferencias y actividades en ocasión del 92do aniversario de su nacimiento" -- En portada.
505 0 _aI. Juan Bosch, literatura y cultura. -- Juan Bosch, el narrador / Pedro Pompeyo Rosario -- La sensibilidad cultural de Juan Bosch / Bruno Rosario Candelier / Trascendencia cultural de la figura de Juan Bosch / Natacha Sánchez -- Juan Bosch: crisis de la ficción y nuevo orden social / Rafael García Romero -- Juan Bosch, maestro de la literatura / Minou Tavárez Mirabal -- Juan Bosch: su contribución al quehacer cultural / Avelino Stanley -- Puesta en circulación de Cuentos más que completos de Juan Bosch, en Santo Domingo / Carmen Quidiello de Bosch -- Juan Bosch: maestro de la cuentística hispanoamericana / José Rafael Lantigua -- Puesta en circulación de Cuentos más que completos de Juan Bosch, en Santiago de los Caballeros / Monseñor Agripino Núñez Collado, Rafael Emilio Yunén -- El esplendor poético en los cuentos de Juan Bosch / Manuel Mora Serrano -- Puesta en circulación de Cuentos más completos de Juan Bosch, en San Pedro de Macorís / José E. Hazim Frappier, Natacha Sánchez -- Juan Bosch: precursor del cuento como género independiente en República Dominicana / Rafael Julián -- Puesta en circulación de Cuentos más que completos de Juan Bosch, en Azua de Compostela. Diálogos con los personajes de los cuentos de Juan Bosch / Manuel Matos Moquete.
505 0 _aII. Juan Bosch y los valores éticos. -- La dimensión social y humanística en Juan Bosch / Daniel Beltré López -- La dimensión ética en el pensamiento político de Juan Bosch / Alejandrina Germán -- Valores educativos, culturales y democráticos en Juan Bosch / Luis de León -- El mundo de los valores en Juan Bosch / Lidio Cadet -- Juan Bosch y los valores. Apuntes sobre la concepción ético-humanística en la vida y la obra de Juan Bosch / Justo Pedro Castellanos.
505 0 _aIII. Juan Bosch y la democracia. -- El PLD y el pensamiento de Juan Bosch en Cuento de Navidad / Franklin Almeyda Rancier -- Las bases del desarrollo económico en el Gobierno de Juan Bosch / Félix Jiménez -- La idea del Estado y la Democracia en el Profesor Juan Bosch / Jaime David Fernández Mirabal -- Juan Bosch: ilusión de una Cuarta República / Ramón Andrés Blanco Fernández -- Trascendencia sociocultural y política de la obra de Juan Bosch / Ana Silvia Reynoso de Abud, Diómedes Núñez Polanco, Julián Serulle -- Juan Bosch, pedagogo de la democracia / Melanio A. Paredes -- Juan Bosch a sus noventa y dos años / Leonel Fernández Reyna -- Aportes de Juan Bosch al estado democrático y la vida cultural / César Pina Toribio -- Las libertades públicas en la obra política y social de Juan Bosch / Rafael Alburquerque.
505 0 _aEpílogo. -- En memoria de Juan Bosch / Diómedes Núñez Polanco.
590 _aInventariado, 2019/MFF
600 1 0 _a Bosch, Juan,
_d1909-2001
_976555
650 4 _aDemocracia
_zRepública Dominicana
_xHistoria
_95743
650 4 _aLiteratura dominicana.
_967
700 1 _aNúñez Polanco, Diómedes
_ecompilador
_987407
700 1 _a Pimentel, Josefina
_ecomplilador
_95745
700 1 _a Vargas Ortega, Gisela
_ecompilador
_95746
710 2 _a Fundación Juan Bosch
_984953
910 _aValidado. Control de calidad MMOLINA
942 _2ddc
_cLBS1
956 _aVMateo
999 _c1642
_d1642